Statistics for A-Z Teams F1 2021

Click here to take the quiz!

General Stats

  • This quiz has been taken 193 times
  • The average score is 8 of 22

Answer Stats

HintAnswer% Correct
MMercedes
83%
FFerrari
80%
RRed Bull
80%
AAlphaTauri
69%
WWilliams
69%
LLotus
45%
SSauber
41%
BBrabham
40%
TToro Rosso
37%
JJaguar
36%
CCooper
33%
ZZakspeed
29%
PProst
28%
VVanwall
28%
HHonda
27%
DDallara
21%
IIso-Marlboro
10%
GGordini
9%
KKurtis-Kraft
8%
OOsella
8%
EEnsign
7%
NNichels
6%

Score Distribution

Percentile by Number Answered

Percent of People with Each Score

Your Score History

You have not taken this quiz